|
|
|
|
| LEADER |
00000nam0a2200000 4500 |
| 001 |
306761 |
| 005 |
20231102001927.0 |
| 035 |
|
|
|a (RuTPU)RU\TPU\book\332038
|
| 090 |
|
|
|a 306761
|
| 100 |
|
|
|a 20151010d1983 km y0rusy50 ca
|
| 101 |
0 |
|
|a rus
|
| 102 |
|
|
|a RU
|
| 105 |
|
|
|a y z 110zy
|
| 200 |
1 |
|
|a Партия революционного действия
|e доклад на торжественном заседании в Москве, посвященном 80-летию II съезда РСДРП, 29 июля 1983 г., г. Москва
|f М. В. Зимянин
|
| 210 |
|
|
|a Москва
|c Политиздат
|d 1983
|
| 215 |
|
|
|a 32 с.
|
| 606 |
1 |
|
|a КПСС-съезды
|x РСДРП 2-й
|y Брюссель-Лондон
|z 1903
|2 stltpush
|3 (RuTPU)RU\TPU\subj\14865
|9 41186
|
| 610 |
1 |
|
|a революционное движение
|
| 610 |
1 |
|
|a социал-демократическое движение
|
| 610 |
1 |
|
|a политические партии
|
| 610 |
1 |
|
|a Россия
|
| 610 |
1 |
|
|a история
|
| 610 |
1 |
|
|a заседания
|
| 686 |
|
|
|a Ф61(2)252
|v LBC/SL-A
|2 rubbk
|
| 700 |
|
1 |
|a Зимянин
|b М. В.
|g Михаил Васильевич
|
| 801 |
|
1 |
|a RU
|b 63413507
|c 20151010
|
| 801 |
|
2 |
|a RU
|b 63413507
|c 20180628
|g RCR
|
| 942 |
|
|
|c BK
|